Estrategias de comunicación para gobiernos

Uloženo v:
Podrobná bibliografie
Hlavní autoři: Izurieta, Roberto (Autor), Arterton, Christopher (Autor), Perina, Rubén M (Autor)
Médium: Kniha
Jazyk:španělština
Vydáno: Buenos Aires La Crujía 2003
Vydání:1a. ed
Témata:
Tagy: Přidat tag
Žádné tagy, Buďte první, kdo vytvoří štítek k tomuto záznamu!

MARC

LEADER 00000nam a2200000 a 4500
001 UCH2612
003 CL-VaPUC
008 090618e20030000AG |||||||||||||||||spa|d
020 |a 9789871004140 
082 0 4 |a 302.23  |b IZU  |2 21 
100 0 |a Izurieta, Roberto  |e author  |9 537569 
700 0 |a Arterton, Christopher  |e author  |9 537570 
700 0 |a Perina, Rubén M  |e author  |9 537571 
245 1 0 |a Estrategias de comunicación para gobiernos 
250 |a 1a. ed 
300 |a 264 p 
942 |c BK 
945 |d 20090618 00:00:00  |a dcastane 
260 |a Buenos Aires  |b La Crujía  |c 2003 
650 0 |a Comunicación política  |9 389711 
650 0 |a Medios de comunicación  |9 257206 
650 0 |a Comunicación   |9 257251 
650 0 |a Aspectos políticos   |9 257400 
583 |a last modification  |c 20180502 10:16:50  |k Rodrigo Vera 
999 |c 334338  |d 334336 
952 |0 0  |1 0  |4 0  |6 302_230000000000000_IZU_2003  |7 0  |8 A  |9 423312  |a BIBCUR  |b BIBCUR  |d 2019-11-22  |i 4562453  |o 302.23 IZU 2003  |p 4562453  |r 2025-04-22  |w 2019-11-22  |y BK  |k MGC